Hunyadi János Rigómezőn

Bibliographic Details
Format: Article
Language:Hungarian
Slovak
Subjects:

MARC

LEADER 00000nab a2200000 a 4500
001 vtls000619608
003 SK-MaSNL
005 20260302185314.0
008 160314c1997 xo 0 hun
015 |a SNBRB19rr/mm-uuuuu 
035 |a CL0619747 
040 |a SNKBUCL  |b slo  |c SNKBUCL  |e AACR2 
041 0 |a slo 
044 |a xo  |c SK 
080 |a 894.511-3=945.11  |2 1981 
245 0 0 |a Hunyadi János Rigómezőn 
650 0 7 |a povesti historické  |2 snkbucl  |9 610836 
773 0 |t Vasárnap  |g Roč. 30, č. 13 (1997), s. 10 
850 |a Slovenská národná knižnica v Martine  |a DSG001 
852 |a SNK  |b KIS3GCP 
958 |a HU 
958 |a LX 
958 |a NX 
958 |a RK 
958 |a RBX 
999 |c 1428993  |d 1430923